| 000 | 00374nam a2200145Ia 4500 | ||
|---|---|---|---|
| 008 | 230917s9999||||xx |||||||||||||| ||und|| | ||
| 040 |
_e181391 _aMAIN |
||
| 041 | _aEnglish | ||
| 082 | _a547.59 P199P | ||
| 100 | _aPaquette, Leo A | ||
| 245 | 0 | _aPrinciples of modern heterocyclic chemistry | |
| 260 |
_aLondon _bBenjamin Cummings _c1968 |
||
| 300 | _a401 p. | ||
| 942 | _cBK | ||
| 999 |
_c191364 _d191364 |
||